书目信息 |
| 题名: |
丹麦艺术学院平面设计专业毕业生作品选
|
|
| 作者: | 朱会平 | |
| 分册: | ||
| 出版信息: | 哈尔滨 黑龙江科学技术出版社 2000.10 |
|
| 页数: | 77页 | |
| 开本: | 21cm | |
| 丛书名: | ||
| 单 册: | ||
| 中图分类: | J53(534) | |
| 科图分类: | ||
| 主题词: | 工艺美术--世界 , 工艺美术--各国 | |
| 电子资源: | ||
| ISBN: | 7-5388-3753-1 | |
| 000 | 00653nam0 2200205 45 | |
| 001 | 0233251424 | |
| 005 | 2002040909141139 | |
| 010 | @a7-5388-3753-1@dRMB 35.00 | |
| 100 | @a20020409d2000 km y0chiy0120 ea | |
| 101 | 0 | @achi |
| 102 | @aCN@b230000 | |
| 200 | 1 | @a丹麦艺术学院平面设计专业毕业生作品选@ADan Mai Yi Shu Xue Yuan Ping Mian She Ji Zhuan Ye Bi Ye Sheng Zuo Pin Xuan@f朱会平@FZhu Hui Ping |
| 210 | @a哈尔滨@c黑龙江科学技术出版社@d2000.10 | |
| 215 | @a77页@d21cm | |
| 606 | 0 | @a工艺美术@x世界 |
| 606 | 0 | @a工艺美术@y各国 |
| 690 | @aJ53(534)@v3 | |
| 701 | 0 | @a朱会平@AZhu Hui Ping |
| 801 | 0 | @aCN@bPFT@c20020409 |
| 905 | @a安徽大学@dJ53(534)@eZ844 | |
| 丹麦艺术学院平面设计专业毕业生作品选/朱会平.-哈尔滨:黑龙江科学技术出版社,2000.10 |
| 77页;21cm |
| ISBN 7-5388-3753-1:RMB 35.00 |
| ● |
| 相关链接 |
|
|
|
正题名:丹麦艺术学院平面设计专业毕业生作品选
索取号:J53(534)/Z844
 
预约/预借
| 序号 | 登录号 | 条形码 | 馆藏地/架位号 | 状态 | 备注 |
| 1 | 355986 | 203559862 | 社科库309/309社科库 89排3列4层/ [索取号:J53(534)/Z844] | 在馆 | |
| 2 | 355987 | 203559871 | 社科库309/309社科库 89排3列4层/ [索取号:J53(534)/Z844] | 在馆 | |
| 3 | 355988 | 203559880 | 社科库309/309社科库 89排3列4层/ [索取号:J53(534)/Z844] | 在馆 | |
| 4 | 355989 | 203559899 | 社科库309/309社科库 89排3列4层/ [索取号:J53(534)/Z844] | 在馆 | |
| 5 | 355990 | 203559906 | 社科库309/309社科库 89排3列4层/ [索取号:J53(534)/Z844] | 在馆 |